| 000 | 00408nam a22001337a 4500 | ||
|---|---|---|---|
| 005 | 20140219135035.0 | ||
| 008 | 140219b xxu||||| |||| 00| 0 eng d | ||
| 050 |
_aSPC DT1717. _bY4 1956 |
||
| 100 |
_aGordon-Brown Alfred _98759 |
||
| 245 |
_aYear book Guide _bto Southern Africa 1956 _cGordon-Brown Alfred |
||
| 260 |
_aLondon _bRobert Hale _c1956 |
||
| 300 |
_alvi, 874p.; _c19cm. |
||
| 942 |
_2lcc _cMONOGRAPH |
||
| 999 |
_c120094 _d120094 |
||